000 01142nam0a22002891 4500
001 rc\4333085
005 20250612051957.0
021 _aRU
_b[59-13680]
035 _a(NLR Aleph) 008519041
090 _a8216685
_c8216685
100 _a20130416d1959 |||y0rusy50 ca
101 0 _arus
102 _aRU
105 _ay z |||||
200 1 _aКак мы добиваемся высокой продуктивности птицеводства
_f[Лит. обработка В.П. Зеленина]
210 _aВоронеж
_cКн. изд-во
_d1959
215 _a14 с.
_d14
225 1 _aБиблиотечка птичницы
300 _aПеред загл. авт.: А.К. Грязева, птичница колхоза им. Сталина Верхне-Мамон. района
606 _aКуры
_xУход и содержание
_yВоронежская область
_2psbo
700 1 _aГрязева
_bА.К.
_gАлександра Кузьминична
702 1 _aЗеленин
_bВ.П.
_4570
801 0 _aRU
_bNLR
_gpsbo
801 1 _aRU
_bELAR
_2rusmarc
852 _aNLR
_j59-1/644
942 _cBOOK
980 _aNB